ইসলাম ও ইরানের পারস্পরিক অবদান/ (Record no. 17980)

MARC details
000 -LEADER
fixed length control field 01603nam a22002777a 4500
003 - CONTROL NUMBER IDENTIFIER
control field BDDh-ASL
005 - DATE AND TIME OF LATEST TRANSACTION
control field 20231015025651.0
008 - FIXED-LENGTH DATA ELEMENTS--GENERAL INFORMATION
fixed length control field 200916b2004 ||||| b||| 00| 0 d
040 ## - CATALOGING SOURCE
Original cataloging agency BDDh-ASL
Transcribing agency BDDh-ASL
Modifying agency BDDh-ASL
041 ## - LANGUAGE CODE
Language code of text/sound track or separate title bengali
082 ## - DEWEY DECIMAL CLASSIFICATION NUMBER
Classification number 955.297
Item number MUI
100 ## - MAIN ENTRY--PERSONAL NAME
9 (RLIN) 800
Personal name মুতাহহারী, আয়াতুল্লাহ্ মুর্তাজা
245 1# - TITLE STATEMENT
Title ইসলাম ও ইরানের পারস্পরিক অবদান/
Statement of responsibility, etc. আয়াতুল্লাহ্ মুর্তাজা মুতাহহারী; এ. কে. এম. আনোয়ারুল কবীর (অনু.); সিরাজুল হক (সম্পা.)।
246 ## - VARYING FORM OF TITLE
Title proper/short title Islam O Iraner Parasparik Abodan.
260 ## - PUBLICATION, DISTRIBUTION, ETC.
Place of publication, distribution, etc. ঢাকা:
Name of publisher, distributor, etc. ইসলামী প্রজাতন্ত্র ইরান দূতাবাস,
Date of publication, distribution, etc. ২০০৪।
300 ## - PHYSICAL DESCRIPTION
Extent ৪৪০ পৃষ্ঠা:
Dimensions ২৫ সে.মি.।
504 ## - BIBLIOGRAPHY, ETC. NOTE
Bibliography, etc. note গ্রন্থপঞ্জি সংযুক্ত।
600 ## - SUBJECT ADDED ENTRY--PERSONAL NAME
Source of heading or term ইরান
650 #0 - SUBJECT ADDED ENTRY--TOPICAL TERM
9 (RLIN) 803
Topical term or geographic name entry element ইসলাম ও ইরান সম্পর্ক
General subdivision ইসলাম ধর্ম
650 #0 - SUBJECT ADDED ENTRY--TOPICAL TERM
Topical term or geographic name entry element Islamic History (ইসলামের ইতিহাস), Islamic Civilization, ইসলামী সভ্যতা, Isalāmī sabhyatā
9 (RLIN) 5885
650 #0 - SUBJECT ADDED ENTRY--TOPICAL TERM
Topical term or geographic name entry element ইসলাম ধর্ম (Islamic Religion)
9 (RLIN) 6085
650 #0 - SUBJECT ADDED ENTRY--TOPICAL TERM
Topical term or geographic name entry element Iran (ইরান)
9 (RLIN) 6854
700 #0 - ADDED ENTRY--PERSONAL NAME
9 (RLIN) 801
Personal name কবীর, এ. কে. এম. আনােয়ারুল
700 #0 - ADDED ENTRY--PERSONAL NAME
9 (RLIN) 802
Personal name হক, সিরাজুল
942 ## - ADDED ENTRY ELEMENTS (KOHA)
Source of classification or shelving scheme Dewey Decimal Classification
Koha item type Books
Holdings
Withdrawn status Lost status Source of classification or shelving scheme Damaged status Not for loan Collection code Home library Current library Shelving location Date acquired Total Checkouts Full call number Barcode Date last seen Copy number Price effective from Koha item type
    Dewey Decimal Classification     Non-fiction Asiatic Society Library Asiatic Society Library General Stacks 09/16/2020   297.1 MUI 101121 09/16/2020 C-1 09/16/2020 Books
    Dewey Decimal Classification     Non-fiction Asiatic Society Library Asiatic Society Library General Stacks 12/22/2022   955.297 MUI 118118 12/22/2022 C-2 12/22/2022 Books

Powered by Koha